Neighborhood change : lessons in the dynamics of Urban decay (Record no. 412153)

000 -LEADER
fixed length control field 00585cam a22001697a 4500
008 - FIXED-LENGTH DATA ELEMENTS--GENERAL INFORMATION
fixed length control field 180718b1976 xxu||||| |||| 00| 0 eng d
020 ## - INTERNATIONAL STANDARD BOOK NUMBER
International Standard Book Number 0275566005
082 ## - DEWEY DECIMAL CLASSIFICATION NUMBER
Classification number XAx73 L576
100 ## - MAIN ENTRY--PERSONAL NAME
Personal name Leven, Charles L.
245 ## - TITLE STATEMENT
Title Neighborhood change : lessons in the dynamics of Urban decay
Statement of responsibility, etc. by Charles L. Leven...[et.al]
260 ## - PUBLICATION, DISTRIBUTION, ETC.
Place of publication, distribution, etc. New York
Name of publisher, distributor, etc. Praeger
Date of publication, distribution, etc. 1976
300 ## - PHYSICAL DESCRIPTION
Extent xvi,205p
650 ## - SUBJECT ADDED ENTRY--TOPICAL TERM
Topical term or geographic name entry element Neighborhood --United States --Case studies.
650 ## - SUBJECT ADDED ENTRY--TOPICAL TERM
Topical term or geographic name entry element Residential mobility --Case studies
650 ## - SUBJECT ADDED ENTRY--TOPICAL TERM
Topical term or geographic name entry element Housing --Missouri --St. Louis
650 ## - SUBJECT ADDED ENTRY--TOPICAL TERM
Topical term or geographic name entry element Housing --United States --Case studies
Holdings
Withdrawn status Lost status Damaged status Not for loan Permanent Location Current Location Date acquired Full call number Barcode Date last seen Price effective from Koha item type
        Indian Institute of Public Administration Indian Institute of Public Administration 2009-02-04 XAx73 L576 DA4919 2018-07-21 2018-07-21 DA

Powered by Koha